000 00537nam a2200181Ia 4500
003 GCL
008 140319s9999 xx 000 0 ara d
040 _aGCL /
_cGCL
082 0 4 _a250
_bا ت
100 1 _aاحمد فتحى بهنسى
245 1 0 _aنظريات فى الفقه الجنائى الاسلامى:دراسة فقهية مقارنة /
_cاحمد فتحى بهنسى
260 _a[S.N] :
_bدار الشروق
300 _a231 ص
490 _a
650 0 4 _aالاسلام
650 0 4 _aالفقه
942 _2ddc
_cBK
999 _c35061
_d35061